000 00603nam a22001697a 4500
003 BD-DhUL
005 20160822102709.0
008 160822b1985 bg ||||| |||| 000 0 b d
040 _aBD-DhUL
_cBD-DhUL
082 _a323.3
_bABR
100 _aজাফর, আবু
245 _aরবীন্দ্রনাথের রাজনৈতিক চিন্তাধারা /
_cআবু জাফর
260 _aচট্টগ্রাম :
_bবইঘর,
_c1985.
300 _a ১২৫পৃ. ;
_c২০ সেমি.
650 _aরাষ্ট্ দর্শন
942 _2ddc
_cBK
999 _c100193
_d100193